000 00625cam a22002055a 4500
001 L158572
008 150506s2014 xxk f 000 0 eng d
020 _a9780415717748
035 _a(Sirsi) u158572
041 0 _aeng
050 0 4 _a690.8
100 1 _aKensek, Karen
245 0 0 _aBuilding information modelling
260 _aOxon
_bRoutledge
_c2014
520 _aA design guide for architects, engineers and contractors concerning the principles and specific applications of building information modelling (BIM)
521 _aAdvanced
651 4 _aUnited kingdom -1973-
690 _aCONSTRUCTION
942 _n0
999 _c115391
_d115391